Corporate information systems management : (Record no. 3380)

000 -LEADER
fixed length control field nam a22 a 4500
003 - CONTROL NUMBER IDENTIFIER
control field AKMAL
005 - DATE AND TIME OF LATEST TRANSACTION
control field 20170522124203.0
008 - FIXED-LENGTH DATA ELEMENTS--GENERAL INFORMATION
fixed length control field 170522s1983 us a a 00 eng d
020 ## - INTERNATIONAL STANDARD BOOK NUMBER
International Standard Book Number 0256029113
040 ## - CATALOGING SOURCE
Original cataloging agency AKMAL
082 04 - DEWEY DECIMAL CLASSIFICATION NUMBER
Classification number 658.40388 MCF
090 00 - LOCALLY ASSIGNED LC-TYPE CALL NUMBER (OCLC); LOCAL CALL NUMBER (RLIN)
Classification number (OCLC) (R) ; Classification number, CALL (RLIN) (NR) 658.40388
Local cutter number (OCLC) ; Book number/undivided call number, CALL (RLIN) MCF
100 1# - MAIN ENTRY--PERSONAL NAME
Personal name McFarlan, F. Warren
Fuller form of name (( Franklin Warren ))
9 (RLIN) 6835
245 10 - TITLE STATEMENT
Title Corporate information systems management :
Remainder of title the issues facing senior executives /
Statement of responsibility, etc. F. Warren McFarlan, James L. McKenney
260 ## - PUBLICATION, DISTRIBUTION, ETC.
Place of publication, distribution, etc. Homewood, Ill. :
Name of publisher, distributor, etc. R.D. Irwin,
Date of publication, distribution, etc. 1983
300 00 - PHYSICAL DESCRIPTION
Extent ix, 211 p. :
Other physical details ill. ;
Dimensions 24 cm
500 ## - GENERAL NOTE
General note "Also published as the text portion of Corporate information systems management : text and cases by Cash, McFarlan & McKenney"--T.p. verso
504 ## - BIBLIOGRAPHY, ETC. NOTE
Bibliography, etc. note Includes index
504 ## - BIBLIOGRAPHY, ETC. NOTE
Bibliography, etc. note Bibliography: p. 201-206
650 #0 - SUBJECT ADDED ENTRY--TOPICAL TERM
Topical term or geographic name entry element Management information systems
9 (RLIN) 729
700 1# - ADDED ENTRY--PERSONAL NAME
Personal name McKenney, James L.
9 (RLIN) 6836
942 ## - ADDED ENTRY ELEMENTS (KOHA)
Source of classification or shelving scheme
Koha item type Book
Holdings
Withdrawn status Lost status Source of classification or shelving scheme Damaged status Not for loan Collection code Home library Current library Shelving location Date acquired Inventory number Total Checkouts Full call number Barcode Date last seen Price effective from Koha item type
          NON-FICTION AKMAL Melaka AKMAL Melaka PINJAMAN 22.05.2017 600660   658.40388 MCF 201704317 22.05.2017 22.05.2017 Book
Pusat Sumber Maklumat Dato' Haji Sarmin Md Hussin, Akademi Kastam Diraja Malaysia, Melaka
Tel: 06-2331106 | Faks: 06-2313787